=LDR 00000nam 2200000 4500 =001 INLIS000000000009220 =005 20200615080638 =035 ##$$a 0010-061300000009220 =008 200615################g##########0#ind## =041 ##$$a Ind =082 ##$$a 2x2.35 =090 ##$$a 2x2.35, Sha-h =100 ##$$a Shabir, Mukhlis =245 1#$$a Empat ratus hadist pilihan : $b Tentang akidah, syari'ah dan akhlak /$c oleh Muchlis Shabir =260 ##$$a Bandung :$b Alma'arif,$c 1993 =300 ##$$a 227 hlm, ; $c 21 x 14 cm. =650 #4$$a Hadist-Kumpulan =850 ##$$a NBPNMAT =020 ##$$a 979-400-008-6 =084 ##$$a 2x2.35 SHA e =250 ##$$a cet.4 =990 ##$$a DW00026554 =990 ##$$a 68.856/pro-95